Logo BPK

Biblioteka

Politechniki Koszalińskiej

Zbiór referatów zgłoszonych na II międzynarodowy kongres teorii maszyn i mechanizmów, Zakopane 1969. (Rekord nr 12152)

Szczegóły MARC
000 -ETYKIETA REKORDU
podpole kontrolne o stałej długości 01579nam a2200325 i 4500
001 - NUMER KONTROLNY REKORDU
pole kontrolne 12152
003 - IDENTYFIKATOR NUMERU KONTROLNEGO REKORDU
podpole kontrolne KOSZ 005
005 - DATA OSTATNIEJ MODYFIKACJI REKORDU
podpole kontrolne 20191016080513.0
008 - POLE O STAŁEJ DŁUGOŚCI - DANE KONTROLNE
podpole kontrolne o stałej długości 070923s1969 pl a f 100 0 pol
015 ## - NUMER BIBLIOGRAFII NARODOWEJ
Numer bibliografii narodowej PB 1969/9176
040 ## - ŹRÓDŁO KATALOGOWANIA
Instytucja, która sporządziła opis WA N
Instytucja, która utworzyła rekord KOSZ 005/RW
Instytucja, która dokonała modyfikacji KOSZ 005/RW
041 0# - KOD JĘZYKA
Kod języka tekstu pol
Kod języka streszczenia lub abstraktu eng
-- ger
-- rus
080 ## - UNIWERSALNA KLASYFIKACJA DZIESIĘTNA - UKD
UKD 621(061.3)
111 2# - NAZWA IMPREZY
Nazwa imprezy Międzynarodowy Kongres Teorii Maszyn i Mechanizmów
Oznaczenie części/sekcji/imprezy (2 ;
Data imprezy 1969 ;
Miejsce imprezy Zakopane).
245 10 - TYTUŁ/ODPOWIEDZIALNOŚĆ
Tytuł Zbiór referatów zgłoszonych na II międzynarodowy kongres teorii maszyn i mechanizmów, Zakopane 1969.
Oznaczenie części/sekcji dzieła 3 /
Pozostałe elementy strefy tytułu i oznaczenia odpowiedzialności [red. Andrzej Olędzki] ; Stowarzyszenie Inżynierów i Techników Mechaników Polskich ; Politechnika Warszawska. Katedra Teorii Maszyn i Mechanizmów.
246 14 - WARIANT TYTUŁU
Tytuł Proceedings of the II International Congress on the Theory of Machines and Mechanisms
260 ## - STREFA ADRESU WYDAWNICZEGO
Miejsce wydania Warszawa :
Nazwa wydawcy/dystrybutora Stowarzyszenie Inżynierów i Techników Mechaników Polskich :
-- Politechnika Warszawska,
Data publikacji, dystrybucji/powstania dokumentu 1969.
300 ## - STREFA OPISU FIZYCZNEGO
Objętość 275 s. :
Inne cechy fizyczne il.;
Rozmiary 24 cm.
380 ## - FORMA I TYP PUBLIKACJI
Forma i typ publikacji Książki.
500 ## - UWAGI OGÓLNE
Tekst uwagi Na okł. tyt. obcojęzyczne i inna kolejność ich części składowych.
504 ## - UWAGA DOTYCZĄCA BIBLIOGRAFII
Informacje o bibliografii Bibliogr. przy referatach.
546 ## - UWAGA O JĘZYKU
Uwaga o języku Streszcz. ang., niem., ros.
580 ## - UWAGA O NIETYPOWYCH ZWIĄZKACH BIBLIOGRAFICZNYCH
Uwaga dotycząca nietypowych związków bibliograficznych Cz. 1 poz. 8558/1969.
650 #4 - HASŁO PRZEDMIOTOWE W FORMIE NAZWY OGÓLNEJ LUB JEDNOSTKOWEJ
Nazwa ogólna lub geograficzna Maszyny
Określnik ogólny budowa i konstrukcje.
655 #4 - TERMIN INDEKSOWY - OKREŚLENIE RODZAJU/FORMY DOKUMENTU
Określenie rodzaju/formy dokumentu Materiały konferencyjne
700 1# - HASŁO DODATKOWE - NAZWA OSOBOWA
Nazwa osobowa Olędzki, Andrzej
Daty związane z nazwą (1928-2000).
Określenie związku między hasłem a opisywanym materiałem Redakcja
710 2# - HASŁO DODATKOWE - NAZWA CIAŁA ZBIOROWEGO
Nazwa ciała zbiorowego lub jednostki geograficznej Politechnika Warszawska.
Nazwa jednostki podrzędnej Oficyna Wydawnicza.
Kod określenia powiązania pbl.
856 ## - LOKALIZACJA I DOSTĘP DO ELEKTRONICZNYCH DOKUMENTÓW ZDALNYCH
Link (URL) http://koha.tu.koszalin.pl/cgi-bin/koha/opac-detail.pl?biblionumber=12152
Tekst linku Katalog online BPK
942 ## - DODATKOWE ELEMENTY (KOHA)
Schemat klasyfikacji Uniwersalna Klasyfikacja Dziesiętna
Typ dokumentu Książka
Egzemplarze
Wycofany Status egzemplarza Uszkodzony Dostępność Lokalizacja stała Lokalizacja bieżąca Miejsce przechowywania Sygnatura Kod kreskowy Typ dokumentu
      Dostępny Biblioteka Politechniki Koszalińskiej Biblioteka Politechniki Koszalińskiej Wypożyczalnia BG 6218 02207483 Książka
© 2023 Biblioteka Politechniki Koszalińskiej :: KOHA